[Event "4NCL 3 South pool B"]
[Site "Telford, ENG ENG"]
[Date "2015.11.15"]
[Round "2.95"]
[White "Cooper, David M"]
[Black "Jones, Steven A"]
[Result "1/2-1/2"]
[WhiteElo "2056"]
[BlackElo "2160"]
[PlyCount "41"]
[EventDate "2015.11.15"]

1. e4 c5 2. Nc3 Nc6 3. Bb5 Nd4 4. Bc4 e6 5. Nge2 Nf6 6. O-O a6 7. d3 b5 8. Bb3
Nxb3 9. axb3 Bb7 10. f4 d5 11. e5 d4 12. exf6 dxc3 13. f5 Qxf6 14. fxe6 cxb2
15. Bxb2 Qxb2 16. exf7+ Kd7 17. c3 g5 18. Rb1 Qa2 19. Ra1 Qb2 20. Rb1 Qa2 21.
Ra1 1/2-1/2

[Event "4NCL 3 South pool B"]
[Site "Telford, ENG ENG"]
[Date "2015.11.15"]
[Round "2.96"]
[White "Shepherd, Paul D"]
[Black "Paterson, Andrew I"]
[Result "1-0"]
[WhiteElo "2062"]
[BlackElo "2080"]
[PlyCount "51"]
[EventDate "2015.11.15"]

1. e4 c5 2. Nc3 Nc6 3. g3 g6 4. Bg2 Bg7 5. d3 d6 6. Nh3 e5 7. O-O Nge7 8. f4
O-O 9. f5 gxf5 10. exf5 Bxf5 11. Rxf5 Nxf5 12. Be4 Nxg3 13. hxg3 f5 14. Bd5+
Kh8 15. Qh5 Qe8 16. Qxe8 Raxe8 17. Bd2 Nd4 18. Rc1 b5 19. Kf2 b4 20. Ne2 e4 21.
Nhf4 Nxe2 22. Ng6+ hxg6 23. Rh1+ Bh6 24. Bxh6 Nxg3 25. Kxg3 Rf6 26. Bf8# 1-0

[Event "4NCL 3 South pool B"]
[Site "Telford, ENG ENG"]
[Date "2015.11.15"]
[Round "2.97"]
[White "Page, Mark E"]
[Black "Seymour, Timothy P"]
[Result "1/2-1/2"]
[WhiteElo "2047"]
[BlackElo "2082"]
[PlyCount "86"]
[EventDate "2015.11.15"]

1. e4 e5 2. Nf3 Nc6 3. Bb5 a6 4. Ba4 Nge7 5. c3 g6 6. d4 exd4 7. cxd4 Bg7 8. h3
b5 9. Bb3 Na5 10. Bc2 O-O 11. O-O d5 12. e5 f6 13. Re1 Nec6 14. Nc3 Re8 15.
exf6 Rxe1+ 16. Qxe1 Bxf6 17. Bh6 Bg7 18. Bg5 Qd7 19. Rd1 Qf7 20. Ne5 Nxe5 21.
dxe5 Be6 22. Nxd5 Bxd5 23. Qxa5 Bxa2 24. Be4 Re8 25. Bc6 Rf8 26. Bf6 Bxf6 27.
exf6 Be6 28. Rd2 Qxf6 29. Qxc7 Bxh3 30. Bd5+ Be6 31. Bxe6+ Qxe6 32. Rd7 Rf7 33.
Rxf7 Qxf7 34. Qc8+ Kg7 35. Qxa6 Qb3 36. Qa7+ Kf6 37. Qd4+ Ke6 38. Qe4+ Kd6 39.
Qf4+ Kc5 40. Qc7+ Kb4 41. Qd6+ Ka4 42. Qa6+ Kb4 43. Qd6+ Ka4 1/2-1/2

[Event "4NCL 3 South pool B"]
[Site "Telford, ENG ENG"]
[Date "2015.11.15"]
[Round "2.98"]
[White "Singleton, Michael P F"]
[Black "Charnley, Bernard J"]
[Result "1-0"]
[WhiteElo "2126"]
[BlackElo "2056"]
[PlyCount "177"]
[EventDate "2015.11.15"]

1. d4 e6 2. c4 f5 3. e4 fxe4 4. Nc3 Nf6 5. f3 Bb4 6. Bg5 O-O 7. fxe4 c5 8. e5
cxd4 9. a3 Bxc3+ 10. bxc3 Qa5 11. Nf3 Ne4 12. Qxd4 Qxc3+ 13. Qxc3 Nxc3 14. Bd3
Na4 15. Be7 Rf7 16. Bd6 Nb2 17. Be2 Na4 18. O-O Nc6 19. Ng5 Nxe5 20. Bxe5 Rf5
21. Bd6 h6 22. Rxf5 exf5 23. Nh3 Nc3 24. Bf3 Ne4 25. Bxe4 fxe4 26. Rf1 b6 27.
Rf8+ Kh7 28. Kf2 Bb7 29. Rxa8 Bxa8 30. Ke3 Kg6 31. Nf2 h5 32. h3 Kf5 33. g4+
hxg4 34. hxg4+ Ke6 35. Bb8 a6 36. Nxe4 d5 37. cxd5+ Bxd5 38. Kd4 Bc6 39. Bc7 b5
40. Nc5+ Ke7 41. Nxa6 g5 42. Nc5 Bf3 43. Ne4 Bxg4 44. Nxg5 Kd7 45. Bf4 Kc6 46.
Nf7 Be2 47. Kc3 Kb6 48. Kb4 Bf1 49. Ne5 Be2 50. Be3+ Kc7 51. Kc5 Kb7 52. Bd2
Kc7 53. Ba5+ Kb7 54. Kb4 Bf1 55. Nd7 Kc6 56. Nc5 Kd5 57. Bb6 Be2 58. Ka5 Bf1
59. Na6 Kc6 60. Bc5 Kb7 61. Bb4 Kc6 62. Nc5 Be2 63. Ka6 Bf1 64. Ka7 Be2 65. Na6
Bf1 66. Ba5 Be2 67. Nb4+ Kc5 68. Kb7 Kc4 69. Na6 Kd5 70. Kc7 Kc4 71. Bb4 Bd3
72. Kd6 Be2 73. Nc7 Bf3 74. Ne6 Bg2 75. Nf8 Bf1 76. Nd7 Kd4 77. Bc5+ Kc3 78.
Kc6 Kb3 79. Ne5 Be2 80. Bb4 Bf1 81. Kc5 Be2 82. Nc6 Bf1 83. Kd4 Be2 84. Na5+
Kc2 85. Nb7 Bf1 86. Nc5 Be2 87. Ne4 Bf1 88. Nc3 Kb3 89. Kc5 1-0

[Event "4NCL 3 South pool B"]
[Site "Telford, ENG ENG"]
[Date "2015.11.15"]
[Round "2.99"]
[White "Roberts, Nick W"]
[Black "Crombleholme, Alan K"]
[Result "1/2-1/2"]
[WhiteElo "1949"]
[BlackElo "2081"]
[PlyCount "26"]
[EventDate "2015.11.15"]

1. d4 Nf6 2. Nf3 e6 3. g3 b6 4. Bg2 Bb7 5. O-O Be7 6. b3 O-O 7. Bb2 d5 8. Nbd2
Nbd7 9. c4 c5 10. e3 Qc7 11. Rc1 dxc4 12. Nxc4 Rad8 13. Qe2 Qb8 1/2-1/2

[Event "4NCL 3 South pool B"]
[Site "Telford, ENG ENG"]
[Date "2015.11.15"]
[Round "2.99"]
[White "Wright, Jonathan"]
[Black "Fallowfield, Nicholas"]
[Result "1/2-1/2"]
[WhiteElo "1923"]
[BlackElo "1917"]
[PlyCount "76"]
[EventDate "2015.11.15"]

1. e4 Nf6 2. e5 Nd5 3. d4 d6 4. Nf3 dxe5 5. Nxe5 c6 6. c3 Bf5 7. Qb3 Qb6 8. Bc4
Qxb3 9. Bxb3 e6 10. O-O Nd7 11. Nxd7 Kxd7 12. Bd2 Rd8 13. Na3 Bxa3 14. bxa3 Nb6
15. Rfe1 Bd3 16. Re3 Bc4 17. Rg3 Rhg8 18. Rc1 Kc8 19. a4 Rd5 20. Bh6 g6 21. Bg5
Kd7 22. h4 h5 23. Rb1 Kc8 24. Be7 Bxb3 25. axb3 e5 26. dxe5 Rxe5 27. Bg5 Nd5
28. c4 Ne7 29. Rd3 Rd8 30. Rbd1 Rxd3 31. Rxd3 Re6 32. g3 c5 33. Be3 b6 34. a5
Nc6 35. axb6 axb6 36. Kg2 Nb4 37. Rd2 Nc6 38. Rd3 Nb4 1/2-1/2

[Event "4NCL 3 South pool B"]
[Site "Telford, ENG ENG"]
[Date "2015.11.15"]
[Round "2.99"]
[White "Redman, David J"]
[Black "Vachtfeidl, Petr"]
[Result "1/2-1/2"]
[WhiteElo "2252"]
[BlackElo "1974"]
[PlyCount "53"]
[EventDate "2015.11.15"]

1. d4 Nf6 2. c4 g6 3. Nc3 d5 4. g3 Bg7 5. Bg2 dxc4 6. Qa4+ Nfd7 7. Nf3 O-O 8.
Qxc4 Nc6 9. O-O Nb6 10. Qb3 Nxd4 11. Nxd4 Qxd4 12. Nb5 Qc4 13. Qxc4 Nxc4 14.
Nxc7 Rb8 15. Nd5 Re8 16. Bf4 e5 17. Bg5 Bd7 18. b3 Nb6 19. Nxb6 axb6 20. Rac1
e4 21. a4 f5 22. e3 b5 23. Rfd1 Bc6 24. axb5 Bxb5 25. Rd5 Bc6 26. Rdc5 h6 27.
Bf4 1/2-1/2

[Event "4NCL 3 South pool B"]
[Site "Telford, ENG ENG"]
[Date "2015.11.15"]
[Round "2.99"]
[White "Vlcek, Marek"]
[Black "Byway, Paul V"]
[Result "1/2-1/2"]
[WhiteElo "1968"]
[BlackElo "2103"]
[PlyCount "54"]
[EventDate "2015.11.15"]

1. d4 d5 2. Nf3 e6 3. e3 Nf6 4. Bd3 c5 5. c3 Nc6 6. Nbd2 Bd6 7. O-O O-O 8. Qe2
e5 9. dxe5 Nxe5 10. Nxe5 Bxe5 11. e4 Qc7 12. g3 dxe4 13. Nxe4 Nxe4 14. Qxe4 g6
15. Bh6 Bf5 16. Qe2 Bxd3 17. Qxd3 Rad8 18. Qe4 Bg7 19. Bxg7 Rfe8 20. Qa4 Kxg7
21. Rfe1 Rxe1+ 22. Rxe1 b6 23. Qe4 Qd6 24. b4 cxb4 25. cxb4 Qd4 26. Qxd4+ Rxd4
27. Re7 Rxb4 1/2-1/2

[Event "4NCL 3 South pool B"]
[Site "Telford, ENG ENG"]
[Date "2015.11.15"]
[Round "2.99"]
[White "Rosen, Daniel B"]
[Black "Kane, Robert"]
[Result "1-0"]
[WhiteElo "2054"]
[BlackElo "1930"]
[PlyCount "65"]
[EventDate "2015.11.15"]

1. e4 c6 2. d4 d5 3. exd5 cxd5 4. c4 Nf6 5. Nc3 Nc6 6. c5 g6 7. Bb5 Bg7 8. h3
O-O 9. Nf3 Ne4 10. O-O Nxc3 11. bxc3 Qa5 12. Bxc6 bxc6 13. Bd2 Ba6 14. Re1 Qc7
15. Qc1 Rfe8 16. Bf4 Qd7 17. Qd2 f6 18. Qc2 Bf8 19. Rab1 Bc8 20. Rb2 e5 21.
dxe5 Bxc5 22. exf6 Rxe1+ 23. Nxe1 Qe6 24. Nd3 Qxf6 25. Qd2 Bd6 26. Bxd6 Qxd6
27. Qe3 Ba6 28. Nc5 Bc4 29. Rb7 d4 30. cxd4 Bxa2 31. Ne4 Qd8 32. Qh6 Bf7 33.
Ng5 1-0

[Event "4NCL 3 South pool B"]
[Site "Telford, ENG ENG"]
[Date "2015.11.15"]
[Round "2.99"]
[White "Amato, Giampiero"]
[Black "McCorry, Robert T"]
[Result "1/2-1/2"]
[WhiteElo "1972"]
[BlackElo "2045"]
[PlyCount "50"]
[EventDate "2015.11.15"]

1. e4 c5 2. Nf3 Nc6 3. d4 cxd4 4. Nxd4 e5 5. Nb5 d6 6. c4 Be7 7. Bd3 Nf6 8. O-O
O-O 9. N1c3 a6 10. Na3 Be6 11. b3 Rc8 12. Bb2 Nd7 13. Nc2 Nc5 14. Be2 f5 15.
exf5 Bxf5 16. Ne3 Nd4 17. Nxf5 Nxe2+ 18. Qxe2 Rxf5 19. Nd5 Bg5 20. Rad1 Qf8 21.
Ba3 Rc6 22. Nb4 Rc7 23. Nd5 Rc6 24. Nb4 Rc7 25. Nd5 Rc6 1/2-1/2

[Event "4NCL 3 South pool B"]
[Site "Telford, ENG ENG"]
[Date "2015.11.15"]
[Round "2.99"]
[White "McMahon, Paul"]
[Black "Stayt, James N"]
[Result "1-0"]
[WhiteElo "1996"]
[BlackElo "1960"]
[PlyCount "45"]
[EventDate "2015.11.15"]

1. Nc3 d5 2. e4 e6 3. exd5 exd5 4. d4 c6 5. Bd3 Bd6 6. Qe2+ Qe7 7. Bg5 Qxe2+ 8.
Ngxe2 Be6 9. O-O-O Ne7 10. Rhe1 h6 11. Bf4 Kd7 12. Be5 f6 13. Bxd6 Kxd6 14. Nf4
Bf7 15. Re3 g5 16. Rde1 Nc8 17. Ng6 Rd8 18. h4 Nd7 19. Kd2 Kc7 20. Ne7 Nd6 21.
Nf5 Nxf5 22. Bxf5 Re8 23. Re7 1-0

[Event "4NCL 3 South pool B"]
[Site "Telford, ENG ENG"]
[Date "2015.11.15"]
[Round "2.99"]
[White "Cooke, Charlie"]
[Black "Mountford, Corinne"]
[Result "1-0"]
[WhiteElo "1847"]
[BlackElo "1705"]
[PlyCount "85"]
[EventDate "2015.11.15"]

1. d4 d5 2. c4 e6 3. Nc3 c5 4. cxd5 exd5 5. dxc5 d4 6. Ne4 Bf5 7. Nd6+ Bxd6 8.
cxd6 Qxd6 9. Nf3 Nc6 10. a3 Rd8 11. Bg5 Rd7 12. Qb3 h6 13. Bh4 Nge7 14. Rc1 d3
15. exd3 Ng6 16. Bg3 Qe7+ 17. Kd2 O-O 18. Re1 Qd8 19. Re3 Be6 20. Qa4 Na5 21.
Kc1 Bb3 22. Qb4 b6 23. Nd2 Rd4 24. Qb5 Qc8+ 25. Nc4 Rfd8 26. Be2 Bxc4 27. dxc4
Nxc4 28. Rc3 a6 29. Qb4 a5 30. Qb3 Nd2 31. Qxb6 Qd7 32. Qc6 a4 33. Qxd7 R4xd7
34. Bd1 Rd4 35. Bc2 Ne7 36. Re1 Kf8 37. Bc7 Rc8 38. Be5 Rxc3 39. bxc3 Rd8 40.
Rd1 Nc6 41. Rxd2 Rxd2 42. Bxg7+ Kxg7 43. Kxd2 1-0

[Event "4NCL 3 South pool B"]
[Site "Telford, ENG ENG"]
[Date "2015.11.15"]
[Round "2.99"]
[White "Madden, Paul"]
[Black "Farkas, Daniel"]
[Result "1/2-1/2"]
[WhiteElo "2091"]
[BlackElo "2107"]
[PlyCount "85"]
[EventDate "2015.11.15"]

1. e4 c6 2. d4 d5 3. Nc3 dxe4 4. Nxe4 Bf5 5. Ng3 Bg6 6. h4 h6 7. Nf3 Nd7 8. Bc4
e6 9. Qe2 Ngf6 10. Ne5 Nxe5 11. dxe5 Nd5 12. h5 Bh7 13. O-O Be7 14. Rd1 Qc7 15.
Bd3 Bxd3 16. Rxd3 O-O-O 17. a3 Nb6 18. Rf3 Rhf8 19. Bf4 Nd5 20. Bd2 Bh4 21. c4
Ne7 22. Ne4 Qxe5 23. Bf4 Qd4 24. c5 Rd5 25. Nd6+ Kd7 26. Be3 Qd3 27. Qxd3 Rxd3
28. Nxf7 Rd5 29. Nd6 Rxf3 30. gxf3 Nf5 31. Nxb7 Nxe3 32. fxe3 Rxh5 33. e4 Kc7
34. Nd6 Rxc5 35. Rd1 Rg5+ 36. Kf1 Rg3 37. Rd3 Bf6 38. Ne8+ Kb6 39. Nxf6 gxf6
40. Kf2 Rg7 41. Rd8 f5 42. exf5 exf5 43. Ke3 1/2-1/2

[Event "4NCL 3 South pool B"]
[Site "Telford, ENG ENG"]
[Date "2015.11.15"]
[Round "2.99"]
[White "Agnew, Alan"]
[Black "Willow, Jonah B"]
[Result "1-0"]
[WhiteElo "2102"]
[BlackElo "2057"]
[PlyCount "53"]
[EventDate "2015.11.15"]

1. e4 e6 2. d3 d5 3. Nd2 c5 4. Ngf3 Nc6 5. g3 Bd6 6. Bg2 Nge7 7. O-O O-O 8. Nh4
b5 9. f4 c4 10. e5 Bc5+ 11. Kh1 Ba6 12. Ndf3 Qb6 13. c3 cxd3 14. b4 Be3 15.
Bxe3 Qxe3 16. Re1 Qb6 17. Qxd3 Ng6 18. Nxg6 hxg6 19. Ng5 Rfc8 20. g4 Qf2 21.
Qh3 Qxf4 22. Qh7+ Kf8 23. Nxf7 Ke7 24. Rf1 Qxg4 25. Qxg7 Rg8 26. Qh7 Qh5 27.
Nh6+ 1-0

[Event "4NCL 3 South pool B"]
[Site "Telford, ENG ENG"]
[Date "2015.11.15"]
[Round "2.99"]
[White "Mercs, Peter J"]
[Black "Millward, Kevin P"]
[Result "1-0"]
[WhiteElo "2099"]
[BlackElo "1996"]
[PlyCount "63"]
[EventDate "2015.11.15"]

1. e4 d6 2. d4 g6 3. Nc3 Bg7 4. Be3 a6 5. Bd3 b5 6. Qd2 Nd7 7. O-O-O Bb7 8. f3
Rc8 9. d5 c5 10. dxc6 Rxc6 11. Nge2 Ne5 12. h4 Nf6 13. Kb1 h6 14. Bd4 Nc4 15.
Bxc4 Rxc4 16. g4 b4 17. Nd5 Bxd5 18. exd5 Qa5 19. g5 Rxd4 20. Nxd4 hxg5 21. Nc6
Qb5 22. Rhe1 gxh4 23. Rxe7+ Kf8 24. Rde1 Rh5 25. Qe3 Kg8 26. Qa7 Rf5 27. Rxf7
Nh5 28. Rb7 Qc4 29. Ne7+ Kh7 30. Nxf5 gxf5 31. Rxg7+ Nxg7 32. Rg1 1-0

[Event "4NCL 3 South pool B"]
[Site "Telford, ENG ENG"]
[Date "2015.11.15"]
[Round "2.99"]
[White "Kay, Jonathan"]
[Black "Jarvis, Derek A"]
[Result "0-1"]
[WhiteElo "1935"]
[BlackElo "1921"]
[PlyCount "64"]
[EventDate "2015.11.15"]

1. d4 Nf6 2. Bf4 g6 3. Nc3 d5 4. Nf3 Bg7 5. e3 O-O 6. Be2 c6 7. Ne5 Nfd7 8. h4
f6 9. Nxd7 Nxd7 10. e4 e5 11. Be3 Nb6 12. b3 Be6 13. Qd2 Qd7 14. O-O-O Rfd8 15.
Bh6 exd4 16. Bxg7 dxc3 17. Qxc3 Qxg7 18. h5 dxe4 19. hxg6 hxg6 20. Qa5 f5 21.
Rxd8+ Rxd8 22. Kb1 Ra8 23. c4 Nd7 24. Qb4 Ne5 25. Qd6 Bf7 26. Kc2 Re8 27. Qc7
Nd3 28. Rb1 Nb4+ 29. Kd1 Qd4+ 30. Ke1 Nd3+ 31. Bxd3 exd3+ 32. Kf1 d2 0-1

[Event "4NCL 3 South pool B"]
[Site "Telford, ENG ENG"]
[Date "2015.11.15"]
[Round "2.99"]
[White "Burke, Steven J"]
[Black "Dydak, Mateusz"]
[Result "1/2-1/2"]
[WhiteElo "1945"]
[BlackElo "1877"]
[PlyCount "48"]
[EventDate "2015.11.15"]

1. f4 d5 2. Nf3 Nf6 3. g3 g6 4. Bg2 Bg7 5. O-O O-O 6. d3 c5 7. c3 Nc6 8. Na3
Re8 9. Nh4 e6 10. e4 dxe4 11. dxe4 Qxd1 12. Rxd1 e5 13. f5 a6 14. Nc4 b5 15.
Nd6 Rf8 16. Be3 c4 17. a4 Rb8 18. axb5 axb5 19. Bf3 Rd8 20. Nxc8 Rxd1+ 21. Rxd1
Rxc8 22. fxg6 hxg6 23. g4 Rd8 24. Rxd8+ Nxd8 1/2-1/2

[Event "4NCL 3 South pool B"]
[Site "Telford, ENG ENG"]
[Date "2015.11.15"]
[Round "2.99"]
[White "Mc Aleenan, Charles"]
[Black "Garnett, John S"]
[Result "0-1"]
[WhiteElo "1885"]
[BlackElo "1956"]
[PlyCount "76"]
[EventDate "2015.11.15"]

1. Nf3 Nf6 2. c4 g6 3. Nc3 d5 4. cxd5 Nxd5 5. e4 Nxc3 6. dxc3 Qxd1+ 7. Kxd1 Bg7
8. Be3 O-O 9. Kc2 Nd7 10. h3 Nf6 11. Nd2 b6 12. g4 Bb7 13. f3 Rfd8 14. h4 h5
15. gxh5 Nxh5 16. Rg1 Be5 17. Bc4 Kg7 18. Rg4 Bc8 19. Rgg1 Bf4 20. Bxf4 Nxf4
21. Nf1 Rh8 22. Ne3 Rxh4 23. Nf5+ Bxf5 24. exf5 Rd8 25. Rg4 Rh2+ 26. Kb3 Nd3
27. fxg6 Ne5 28. Re4 Nxg6 29. Rg1 Kf6 30. Ka3 Rdd2 31. b4 Rdf2 32. Rg3 e6 33.
b5 Ne7 34. Rf4+ Nf5 35. Bb3 e5 36. Rxf5+ Kxf5 37. Bxf7 Kf4 38. Rg7 Rxf3 0-1

[Event "4NCL 3 South pool B"]
[Site "Telford, ENG ENG"]
[Date "2015.11.15"]
[Round "2.99"]
[White "Gill, Oliver"]
[Black "Lambourne, Dan M"]
[Result "1-0"]
[WhiteElo "2074"]
[BlackElo "2006"]
[PlyCount "97"]
[EventDate "2015.11.15"]

1. e4 d6 2. d4 Nf6 3. Nc3 g6 4. Be3 Bg7 5. Qd2 c6 6. Bh6 Bxh6 7. Qxh6 Qa5 8.
O-O-O Ng4 9. Qg7 Qg5+ 10. Rd2 Qf6 11. Qxf6 Nxf6 12. e5 Ng4 13. h3 Nh6 14. exd6
exd6 15. d5 Ke7 16. Nf3 Rd8 17. g4 Kf8 18. Bg2 c5 19. Ng5 Kg7 20. Nb5 Na6 21.
Ne4 f5 22. Nexd6 fxg4 23. Nxc8 Raxc8 24. hxg4 Nc7 25. Nc3 Rd6 26. Re1 Ng8 27.
Ne4 Rxd5 28. Rxd5 Nxd5 29. Nd6 Rd8 30. Nxb7 Rd7 31. Nxc5 Rd6 32. Re6 Rd8 33.
Re5 Nf4 34. Re4 Rd5 35. Rxf4 Rxc5 36. b4 Rc7 37. g5 Ne7 38. c4 Nf5 39. Bh3 Nd6
40. c5 Nb5 41. Kb2 Re7 42. a4 Nc7 43. Rc4 Re2+ 44. Rc2 Re4 45. Ka3 Rd4 46. Bf1
Rd1 47. Bc4 Ra1+ 48. Ra2 Rc1 49. Rd2 1-0

[Event "4NCL 3 South pool B"]
[Site "Telford, ENG ENG"]
[Date "2015.11.15"]
[Round "2.99"]
[White "Smith, Graham"]
[Black "Pleasants, Allan J"]
[Result "1/2-1/2"]
[WhiteElo "2031"]
[BlackElo "2030"]
[PlyCount "54"]
[EventDate "2015.11.15"]

1. e4 c5 2. Nf3 d6 3. Bb5+ Bd7 4. Bxd7+ Qxd7 5. O-O Nc6 6. Qe2 Nf6 7. h3 e6 8.
c4 Be7 9. Nc3 O-O 10. d3 a6 11. Bf4 Nd4 12. Qd1 b5 13. b3 b4 14. Nxd4 cxd4 15.
Ne2 e5 16. Bd2 Qb7 17. f4 Nd7 18. Ng3 Nc5 19. Qf3 f6 20. Nf5 Rf7 21. Qg3 Kh8
22. Rf3 Bf8 23. Qe1 a5 24. Rb1 g6 25. Ng3 Bg7 26. f5 g5 27. Nh5 Qc6 1/2-1/2

[Event "4NCL 3 South pool B"]
[Site "Telford, ENG ENG"]
[Date "2015.11.15"]
[Round "2.99"]
[White "De Coverly, Roger D"]
[Black "Freeman, Richard C P"]
[Result "1/2-1/2"]
[WhiteElo "2029"]
[BlackElo "1996"]
[PlyCount "133"]
[EventDate "2015.11.15"]

1. d4 g6 2. e4 Bg7 3. Nc3 d6 4. Be3 a6 5. a4 b6 6. Nf3 e6 7. Qd2 h6 8. Bd3 Bb7
9. O-O Ne7 10. h3 Nd7 11. Nh2 c5 12. Ne2 c4 13. Bxc4 Bxe4 14. Ng3 Bb7 15. Bb3
Nd5 16. Bxd5 Bxd5 17. Rac1 h5 18. c4 Bb7 19. b4 O-O 20. Bh6 Qe7 21. Bxg7 Kxg7
22. Qe3 Rfc8 23. f4 Qf6 24. f5 exf5 25. Rxf5 Qe6 26. Qxe6 fxe6 27. Rf2 Rc7 28.
Nf3 Rac8 29. Ng5 Bd5 30. Re1 Bxc4 31. Nxe6+ Bxe6 32. Rxe6 Nf8 33. Rxd6 Rc4 34.
Rb2 R8c6 35. Rxc6 Rxc6 36. d5 Rc1+ 37. Kh2 Rd1 38. Rc2 Rxd5 39. Rc6 Nd7 40. Ne2
g5 41. Nc3 Rd4 42. b5 a5 43. Kg1 Nc5 44. Rxb6 Nxa4 45. Nxa4 Rxa4 46. Ra6 Ra2
47. b6 a4 48. Ra5 Rb2 49. Rxg5+ Kh6 50. Ra5 Rxb6 51. Rxa4 Rb2 52. Rf4 Kg5 53.
Rf2 Rb1+ 54. Kh2 Ra1 55. g3 Ra4 56. Kg2 Ra3 57. Rb2 Rc3 58. Kf2 Ra3 59. Rb5+
Kg6 60. h4 Ra2+ 61. Kf3 Ra3+ 62. Kg2 Ra2+ 63. Kf3 Ra3+ 64. Kf4 Ra4+ 65. Ke5 Ra3
66. Rb6+ Kg7 67. Kf4 1/2-1/2

[Event "4NCL 3 South pool B"]
[Site "Telford, ENG ENG"]
[Date "2015.11.15"]
[Round "2.99"]
[White "Valentine, Brian J"]
[Black "Bellers, Chris J"]
[Result "1/2-1/2"]
[WhiteElo "1968"]
[BlackElo "2018"]
[PlyCount "67"]
[EventDate "2015.11.15"]

1. e4 g6 2. d4 Bg7 3. Nc3 c5 4. dxc5 Bxc3+ 5. bxc3 Qa5 6. Qd4 Nf6 7. Qb4 Qc7 8.
Qd4 Nc6 9. Qe3 b6 10. cxb6 axb6 11. Bd3 d5 12. Ne2 dxe4 13. Bxe4 Nxe4 14. Qxe4
Bf5 15. Qf3 Ra4 16. O-O O-O 17. Be3 Ne5 18. Qd5 Bxc2 19. f3 Nc4 20. Bf2 Rd8 21.
Qg5 Ra5 22. Qc1 Bd3 23. Re1 e5 24. Ng3 f5 25. Nf1 Bxf1 26. Rxf1 Rd2 27. Rd1
Rad5 28. Rxd2 Rxd2 29. a4 Qd6 30. Qb1 Kg7 31. h3 Rb2 32. Qd1 Rd2 33. Qb1 Rb2
34. Qd1 1/2-1/2

[Event "4NCL 3 South pool B"]
[Site "Telford, ENG ENG"]
[Date "2015.11.15"]
[Round "2.99"]
[White "Gregory, Keith D F"]
[Black "Majer, Chris E"]
[Result "1/2-1/2"]
[WhiteElo "2014"]
[BlackElo "1933"]
[PlyCount "42"]
[EventDate "2015.11.15"]

1. Nf3 b5 2. g3 Bb7 3. Bg2 Nf6 4. O-O e6 5. d4 c5 6. c3 Be7 7. Nbd2 O-O 8. Re1
d5 9. Ne5 Nbd7 10. Nxd7 Nxd7 11. Nf3 Qb6 12. h4 a5 13. Bg5 Nf6 14. Ne5 Qd8 15.
Nd3 c4 16. Ne5 h6 17. Bc1 Qb6 18. e3 Rfd8 19. Nf3 Ne4 20. Nd2 Nxd2 21. Bxd2
Rdb8 1/2-1/2

[Event "4NCL 3 South pool B"]
[Site "Telford, ENG ENG"]
[Date "2015.11.15"]
[Round "2.99"]
[White "Whiteside, Robert"]
[Black "Adaway, William"]
[Result "0-1"]
[WhiteElo "1821"]
[BlackElo "1953"]
[PlyCount "96"]
[EventDate "2015.11.15"]

1. e4 c5 2. d4 cxd4 3. c3 dxc3 4. Nxc3 e6 5. Nf3 Bc5 6. Bc4 Ne7 7. O-O Ng6 8.
Qe2 Nc6 9. Rd1 a6 10. Bg5 Be7 11. Be3 b5 12. Bb3 O-O 13. Rac1 Na5 14. Nd4 Nxb3
15. axb3 Bb7 16. f4 Bb4 17. f5 exf5 18. exf5 Ne7 19. Qg4 Qb6 20. Nc2 Bc5 21.
Bxc5 Qxc5+ 22. Nd4 Qe5 23. f6 Qxf6 24. Qxd7 Bc8 25. Qc7 Ng6 26. Nc6 Bf5 27. Nd5
Qe6 28. Nde7+ Nxe7 29. Nxe7+ Kh8 30. Rd6 Qe3+ 31. Kh1 Be6 32. Rcd1 Qa7 33. Qxa7
Rxa7 34. Nc6 Raa8 35. b4 g6 36. Nd8 Re8 37. h4 Ra7 38. Kh2 Kg7 39. Kg3 h5 40.
Kf4 Bf5 41. Nc6 Rc7 42. Ne5 Rce7 43. Nf3 Re4+ 44. Kg3 Rg4+ 45. Kf2 Rxb4 46.
Rxa6 Rxb2+ 47. Kg3 Re4 48. Nd4 Bg4 0-1